Top 10 des streamers français sur twitch - Statistiques

Statistiques générales
  • Ce quiz a été pris 644 fois
  • Le résultat moyen est 5 sur 10
Statistiques - réponses
Hint Réponse % Correct
8 Squeezie
91%
1 Aminematue
80%
3 Gotaga
70%
4 Kameto
60%
10 Domingo
41%
7 Zerator
41%
6 Antoine Daniel
26%
2 JL tomy
25%
9 Etoiles
23%
5 Chowh1
4%
Aucun quiz correspondant
Distribution des résultats
% des personnes avec chaque résultat
Percentile par nombre de réponses
Votre historique - résultats
Vous n’avez pas pris ce quiz